Statystyki dla Quiz piłkarski #1

Kliknij tutaj aby rozwiązać quiz!

Ogólne statystyki

  • Ten quiz został rozwiązany 125 razy
  • Średni wynik to 6 z 18

Statystyki odpowiedzi

PytanieOdpowiedź% Poprawnych
Która reprezentacja wystąpiła we wszystkich edycjach Mistrzostw Świata?Brazylia
77%
Kto był rywalem Wisły Kraków w spotkaniu, w którym Mariusz Jop strzelił bramkę samobójczą na wagę mistrzostwa Polski dla Lecha Poznań?Cracovia
72%
Kto był przeciwnikiem reprezentacji Polski kiedy bramkę w jednym meczu zdobyli Mariusz Lewandowski i Robert Lewandowski?San Marino
71%
Na mundialu w 2014 roku w Brazylii doszło do nietypowego przewinienia. Jak nazywa się zawodnik, którego ugryzł Luis Suarez?Giorgio Chiellini
49%
Która drużyna jako ostatnia przed obecną serią Bayernu Monachium i Borussi Dortmund zdobyła mistrzostwo Bundesligi?Wolfsburg
49%
W, których dwóch drużynach Ekstraklasy przed transferem do Genoi grał Krzysztof Piątek?Zagłębie Lubin, Cracovia
42%
Z kim reprezentacja Polski poniosła najwyższą porażkę w historii? (0:8)Dania
41%
Irlandia była blisko pojechania na mundial w 2010 roku. Zagrali nawet w barażach, ale odpadli po straceniu bramki, która została strzelona ręką. Kto popełnił to przewinienie?Thierry Henry
38%
Poza Barceloną i Espanyolem w La Lidze w sezonie 18/19 grała jeszcze jedna drużyna z Katalonii. Jak się nazywała?Girona
31%
Jerry, Wilson oraz Johnny Palacios, tych trzech braci zostało powołanych do kadry tej samej reprezentacji podczas mundialu w 2010 roku. Jaki kraj reprezentowali?Honduras
21%
Pewien Polski piłkarz jest dość nietypowym rekordzistą Mistrzostw Świata. Jako pierwszy zawodnik otrzymał żółtą kartkę na trzech turniejach z rzędu. O kogo chodzi?Zbigniew Boniek
19%
W meczu z jakim rywalem swoją jedyną czerwoną kartkę w reprezentacji Polski zobaczył Tomasz Hajto?Szwecja
18%
Jak nazywa się jedyny reprezentant Polski, który zobaczył czerwoną kartkę podczas mistrzostw świata? (Mistrzostwa Świata 2006)Radosław Sobolewski
13%
Jak nazywał się piłkarz, który zapoczątkował w Polonii Warszawa słynny Klub Kokosa?Daniel Kokosiński
12%
"Skoro było tak dobrze, to dlaczego było tak źle?" kto tymi słowami podsumował występ reprezentacji Polski na MŚ 2002Kazimierz Górski
9%
Jednym z dwóch królów strzelców Mistrzostw Świata, który grał w najwyższej polskiej klasie rozgrywkowej był Grzegorz Lato, kto jest drugim z nich?Oleg Salenko
7%
Kto jest autorem słów "Możecie sprzedawać Lewandowskiego, mamy Arrubarrenę"?Mirosław Trzeciak
5%
Jakie drużyny w ostatnich trzech zwycięskich finałach Ligi Mistrzów pokonywał Real Madryt?Aletico Madryt, Juventus, Liverpool
0%

Rozkład punktacji

Percentyl według liczby udzielonych odpowiedzi

Procent ludzi z każdym wynikiem

Twoja historia wyników

Nie rozwiązałeś tego quizu